Ramón de la Sagra / (Record no. 14339)

MARC details
000 -LEADER
campo de control de longitud fija 00847nam a2200241 i 4500
001 - NÚMERO DE CONTROL
campo de control 14339
003 - IDENTIFICADOR DE NÚMERO DE CONTROL
campo de control ES-MaACL
005 - FECHA Y HORA DE LA ÚLTIMA TRANSACCIÓN
campo de control 20231221204547.0
007 - CAMPO FIJO DE DESCRIPCIÓN FÍSICA--INFORMACIÓN GENERAL
campo de control de longitud fija t|
008 - DATOS DE LONGITUD FIJA--INFORMACIÓN GENERAL
campo de control de longitud fija 990222s1998 sp ||||1| gao d
020 ## - NÚMERO INTERNACIONAL ESTÁNDAR DEL LIBRO
Número Internacional Estándar del Libro 84-453-2184-6
080 ## - NÚMERO DE LA CLASIFICACIÓN DECIMAL UNIVERSAL
Número de la Clasificación Decimal Universal 929 Sagra, Ramón de la
100 1# - ENTRADA PRINCIPAL--NOMBRE DE PERSONA
Nombre de persona Cores Trasmonte, Baldomero.
9 (RLIN) 40583
245 10 - MENCIÓN DEL TÍTULO
Título Ramón de la Sagra /
Mención de responsabilidad, etc. Baldomero Cores Trasmonte.
260 ## - PUBLICACIÓN, DISTRIBUCIÓN, ETC.
Lugar de publicación, distribución, etc. [A Coruña] :
Nombre del editor, distribuidor, etc. Xunta de Galicia, Consellería de Cultura, Comunicación Social e Turismo,
Fecha de publicación, distribución, etc. [1998]
300 ## - DESCRIPCIÓN FÍSICA
Extensión 135 p. ;
Dimensiones 17 cm.
490 1# - MENCIÓN DE SERIE
Mención de serie A nosa memoria ;
Designación de volumen o secuencia 15
600 14 - PUNTO DE ACCESO ADICIONAL DE MATERIA--NOMBRE DE PERSONA
Nombre de persona La Sagra, Ramón de,
Fechas asociadas al nombre 1798-1871-
Subdivisión general Biografías
9 (RLIN) 101446
710 1# - ENTRADA AGREGADA--NOMBRE DE ENTIDAD CORPORATIVA
Nombre de entidad corporativa o nombre de jurisdicción como elemento de entrada Galicia.
Unidad subordinada Consejería de Cultura, Comunicación Social y Turismo.
9 (RLIN) 4453
830 0# - PUNTO DE ACCESO ADICIONAL DE SERIE-TÍTULO UNIFORME
Título uniforme A nosa memoria ;
Designación de volumen o secuencia 15
9 (RLIN) 179608
852 ## - LOCALIZACIÓN
Ubicación ES-MaACL
Número de control de estantería L-21601
Sublocalización o colección R.126876
Holdings
Estatus retirado Estado de pérdida Estado de daño No para préstamo Biblioteca de origen Biblioteca actual Ubicación en estantería Fecha de adquisición Fuente de adquisición Total de préstamos Signatura topográfica completa Código de barras Visto por última vez Precio de reemplazo Tipo de ítem Koha
        Biblioteca del Ateneo de Madrid Biblioteca del Ateneo de Madrid Depósito 2 17/01/2008     L-21601 1014586 23/02/2023 23/02/2023 Libro impreso